[Event "MSR_ch20"]
[Site "?"]
[Date "2024.04.07"]
[Round "3.1"]
[White "Bochnicka, Vladimir"]
[Black "Compel, Daniel"]
[Result "1-0"]
[BlackElo "2220"]
[WhiteElo "2421"]
[LiveChessVersion "1.4.8"]

1. e4 {[%clk 1:30:55]} c5 {[%clk 1:30:55]} 2. Nc3 {[%clk 1:31:08]} d6
{[%clk 1:31:07]} 3. d4 {[%clk 1:30:57]} cxd4 {[%clk 1:30:05]} 4. Qxd4
{[%clk 1:31:13]} Nc6 {[%clk 1:30:32]} 5. Qd2 {[%clk 1:31:35]} Nf6
{[%clk 1:23:59]} 6. b3 {[%clk 1:31:10]} e6 {[%clk 1:24:08]} 7. Bb2
{[%clk 1:31:13]} d5 {[%clk 1:24:06]} 8. exd5 {[%clk 1:27:18]} exd5
{[%clk 1:24:16]} 9. O-O-O {[%clk 1:26:51]} Be6 {[%clk 1:24:02]} 10. a3
{[%clk 1:24:09]} Be7 {[%clk 1:17:15]} 11. Nf3 {[%clk 1:23:41]} O-O
{[%clk 1:13:26]} 12. Bd3 {[%clk 1:23:36]} Qa5 {[%clk 0:54:09]} 13. Nb5
{[%clk 1:09:47]} Qxd2+ {[%clk 0:51:16]} 14. Rxd2 {[%clk 1:09:54]} Ne4
{[%clk 0:48:07]} 15. Re2 {[%clk 1:02:44]} Nc5 {[%clk 0:40:30]} 16. Rd1
{[%clk 0:53:17]} Rac8 {[%clk 0:27:09]} 17. Kb1 {[%clk 0:38:52]} Rfe8
{[%clk 0:18:22]} 18. Nbd4 {[%clk 0:33:30]} Nxd3 {[%clk 0:14:28]} 19. Rxd3
{[%clk 0:30:32]} Bc5 {[%clk 0:07:48]} 20. Nxe6 {[%clk 0:27:11]} fxe6
{[%clk 0:07:30]} 21. Ng5 {[%clk 0:23:59]} Nd8 {[%clk 0:07:24]} 22. Rxd5
{[%clk 0:21:18]} Rc7 {[%clk 0:02:04]} 23. Rd3 {[%clk 0:20:25]} h6
{[%clk 0:00:37]} 24. Ne4 {[%clk 0:20:14]} Bf8 {[%clk 0:01:03]} 25. c4
{[%clk 0:14:59]} 1-0

[Event "MSR_ch20"]
[Site "?"]
[Date "2024.04.07"]
[Round "3.2"]
[White "Stevik, Patrik"]
[Black "Turcan, Richard"]
[Result "1/2-1/2"]
[BlackElo "2365"]
[WhiteElo "2213"]
[LiveChessVersion "1.4.8"]

1. e4 {[%clk 1:30:58]} c5 {[%clk 1:30:41]} 2. Nf3 {[%clk 1:31:26]} Nc6
{[%clk 1:30:38]} 3. Bb5 {[%clk 1:31:55]} e6 {[%clk 1:30:13]} 4. Bxc6
{[%clk 1:32:14]} bxc6 {[%clk 1:30:32]} 5. b3 {[%clk 1:32:42]} d6 {[%clk 1:26:39]}
6. Bb2 {[%clk 1:31:48]} e5 {[%clk 1:22:06]} 7. d3 {[%clk 1:30:21]} Be7
{[%clk 1:18:21]} 8. Nbd2 {[%clk 1:29:45]} f5 {[%clk 1:16:20]} 9. a3
{[%clk 1:24:06]} Nf6 {[%clk 1:14:00]} 10. O-O {[%clk 1:20:13]} O-O
{[%clk 1:13:16]} 11. b4 {[%clk 1:18:55]} cxb4 {[%clk 1:10:13]} 12. axb4
{[%clk 1:19:24]} Qe8 {[%clk 1:09:22]} 13. d4 {[%clk 1:14:37]} fxe4
{[%clk 0:59:47]} 14. dxe5 {[%clk 1:14:35]} exf3 {[%clk 0:59:52]} 15. exf6
{[%clk 1:14:56]} Bxf6 {[%clk 0:59:29]} 16. Qxf3 {[%clk 1:14:22]} Bxb2
{[%clk 0:44:39]} 17. Qb3+ {[%clk 1:14:47]} Qf7 {[%clk 0:39:02]} 18. Qxb2
{[%clk 1:15:06]} Qf4 {[%clk 0:38:23]} 19. Qc3 {[%clk 1:14:02]} Be6
{[%clk 0:37:30]} 20. Qe3 {[%clk 1:01:24]} Qxe3 {[%clk 0:34:36]} 21. fxe3
{[%clk 1:01:49]} Rfb8 {[%clk 0:33:00]} 22. c3 {[%clk 1:00:23]} c5
{[%clk 0:30:51]} 23. Rf4 {[%clk 0:56:28]} cxb4 {[%clk 0:30:21]} 24. cxb4
{[%clk 0:56:26]} Rb6 {[%clk 0:29:06]} 25. Rd4 {[%clk 0:43:13]} Kf8
{[%clk 0:24:59]} 26. Ne4 {[%clk 0:42:31]} Ke7 {[%clk 0:24:51]} 27. Nc3
{[%clk 0:41:05]} Rb7 {[%clk 0:18:50]} 28. Ra6 {[%clk 0:38:39]} Rb6
{[%clk 0:19:15]} 29. Ra3 {[%clk 0:32:10]} Rb7 {[%clk 0:17:17]} 30. Ra6
{[%clk 0:30:12]} Rb6 {[%clk 0:17:33]} 31. Ra5 {[%clk 0:28:26]} Rc6
{[%clk 0:15:45]} 32. Ra3 {[%clk 0:28:42]} 1/2-1/2

[Event "MSR_ch20"]
[Site "?"]
[Date "2024.04.07"]
[Round "3.4"]
[White "Skreko, Igor"]
[Black "Petrek, Dominik"]
[Result "0-1"]
[BlackElo "2249"]
[WhiteElo "2165"]
[LiveChessVersion "1.4.8"]

1. d4 {[%clk 1:30:28]} e6 {[%clk 1:30:53]} 2. c4 {[%clk 1:30:40]} Nf6
{[%clk 1:31:17]} 3. Nc3 {[%clk 1:30:49]} Bb4 {[%clk 1:31:42]} 4. Qc2
{[%clk 1:31:16]} d5 {[%clk 1:32:04]} 5. a3 {[%clk 1:30:59]} Bxc3+
{[%clk 1:32:28]} 6. Qxc3 {[%clk 1:31:25]} c5 {[%clk 1:32:54]} 7. dxc5
{[%clk 1:27:03]} d4 {[%clk 1:32:12]} 8. Qf3 {[%clk 1:24:11]} e5 {[%clk 1:30:32]}
9. Bg5 {[%clk 1:24:25]} Nc6 {[%clk 1:28:53]} 10. O-O-O {[%clk 1:18:05]} Qe7
{[%clk 1:19:38]} 11. Bxf6 {[%clk 1:10:18]} gxf6 {[%clk 1:18:04]} 12. e3
{[%clk 1:03:55]} Rg8 {[%clk 0:58:06]} 13. h3 {[%clk 1:00:12]} e4 {[%clk 0:41:28]}
14. Qf4 {[%clk 1:00:01]} d3 {[%clk 0:41:47]} 15. g4 {[%clk 0:59:12]} Qe6
{[%clk 0:18:08]} 16. Kb1 {[%clk 0:52:34]} Qe5 {[%clk 0:12:48]} 17. f3
{[%clk 0:42:09]} f5 {[%clk 0:12:26]} 18. Bg2 {[%clk 0:40:02]} Qxc5
{[%clk 0:10:22]} 19. fxe4 {[%clk 0:38:44]} Qxc4 {[%clk 0:10:31]} 20. Nf3
{[%clk 0:32:15]} Be6 {[%clk 0:09:19]} 21. Nd2 {[%clk 0:29:54]} Qa2+
{[%clk 0:08:34]} 22. Kc1 {[%clk 0:30:24]} Rc8 {[%clk 0:08:34]} 23. Nb1
{[%clk 0:28:28]} Nb4+ {[%clk 0:08:43]} 24. Nc3 {[%clk 0:28:29]} Rxc3+
{[%clk 0:09:07]} 0-1

[Event "MSR_ch20"]
[Site "?"]
[Date "2024.04.07"]
[Round "3.5"]
[White "Rak, Martin"]
[Black "Zetocha, Adrian"]
[Result "0-1"]
[BlackElo "2134"]
[WhiteElo "2221"]
[LiveChessVersion "1.4.8"]

1. d4 {[%clk 1:30:56]} Nf6 {[%clk 1:30:08]} 2. c4 e6 {[%clk 1:25:43]} 3. Nc3
{[%clk 1:30:45]} Bb4 {[%clk 1:26:06]} 4. a3 {[%clk 1:31:11]} Bxc3+
{[%clk 1:26:12]} 5. bxc3 {[%clk 1:31:38]} d6 {[%clk 1:21:12]} 6. f3
{[%clk 1:31:31]} c5 {[%clk 1:18:19]} 7. e4 {[%clk 1:25:33]} Nc6 {[%clk 1:15:31]}
8. Be3 {[%clk 1:24:41]} Qa5 {[%clk 1:08:44]} 9. Qd2 {[%clk 1:23:02]} O-O
{[%clk 1:07:23]} 10. Bd3 {[%clk 1:21:43]} b6 {[%clk 0:58:25]} 11. a4
{[%clk 1:13:42]} cxd4 {[%clk 0:47:15]} 12. cxd4 {[%clk 1:12:49]} Nb4
{[%clk 0:47:21]} 13. Kf2 {[%clk 1:11:39]} Nxd3+ {[%clk 0:46:55]} 14. Qxd3
{[%clk 1:12:02]} Ba6 {[%clk 0:46:54]} 15. Nh3 {[%clk 0:49:13]} Rfc8
{[%clk 0:40:51]} 16. Rhc1 {[%clk 0:45:40]} d5 {[%clk 0:40:57]} 17. Bd2
{[%clk 0:45:20]} dxe4 {[%clk 0:38:27]} 18. Qe3 {[%clk 0:43:47]} Qf5
{[%clk 0:38:25]} 19. Kg1 {[%clk 0:43:02]} Bxc4 {[%clk 0:36:10]} 20. Ra3
{[%clk 0:42:12]} exf3 {[%clk 0:34:27]} 21. Nf4 {[%clk 0:42:13]} fxg2
{[%clk 0:30:58]} 22. Nxg2 {[%clk 0:40:56]} Bd5 {[%clk 0:28:06]} 23. Rf1
{[%clk 0:39:37]} Qe4 {[%clk 0:28:04]} 24. Qh3 {[%clk 0:39:18]} Qxg2+
{[%clk 0:25:37]} 25. Qxg2 {[%clk 0:39:44]} Bxg2 26. Kxg2 {[%clk 0:40:12]} Rc2
{[%clk 0:25:57]} 27. Rd3 {[%clk 0:39:42]} Ne4 {[%clk 0:26:17]} 28. Rd1
{[%clk 0:40:07]} Rd8 {[%clk 0:25:19]} 29. Kf3 {[%clk 0:40:31]} Nc5
{[%clk 0:25:34]} 30. Rc3 {[%clk 0:39:15]} Rxc3+ {[%clk 0:25:57]} 31. Bxc3
{[%clk 0:39:44]} Nxa4 {[%clk 0:26:16]} 32. Ba1 {[%clk 0:40:00]} h6
{[%clk 0:25:54]} 33. Rd2 {[%clk 0:39:16]} Rd7 {[%clk 0:25:38]} 34. Rg2
{[%clk 0:39:21]} Rd5 {[%clk 0:25:33]} 35. Rc2 {[%clk 0:39:26]} Kh7
{[%clk 0:24:30]} 36. Rc7 {[%clk 0:39:45]} Rf5+ {[%clk 0:24:51]} 37. Ke2
{[%clk 0:40:03]} a5 {[%clk 0:24:51]} 38. Rc1 {[%clk 0:39:44]} Rh5
{[%clk 0:24:30]} 39. Kd3 {[%clk 0:39:26]} b5 {[%clk 0:24:47]} 40. Rg1
{[%clk 0:39:55]} Rh3+ {[%clk 0:23:35]} 41. Ke4 {[%clk 0:40:12]} Rxh2
{[%clk 0:23:42]} 42. d5 {[%clk 0:40:16]} exd5+ {[%clk 0:23:42]} 43. Ke5
{[%clk 0:40:21]} b4 {[%clk 0:23:42]} 44. Kxd5 {[%clk 0:40:41]} Nc3+
{[%clk 0:23:24]} 0-1

[Event "MSR_ch20"]
[Site "?"]
[Date "2024.04.07"]
[Round "3.6"]
[White "Melih, Mario"]
[Black "Sevcik, Matej"]
[Result "0-1"]
[BlackElo "2087"]
[WhiteElo "1990"]
[LiveChessVersion "1.4.8"]

1. e4 {[%clk 1:30:54]} e5 {[%clk 1:30:55]} 2. Nf3 {[%clk 1:31:15]} Nc6
{[%clk 1:31:13]} 3. Bb5 {[%clk 1:31:32]} a6 {[%clk 1:31:38]} 4. Ba4
{[%clk 1:31:49]} Nf6 {[%clk 1:31:29]} 5. O-O {[%clk 1:32:08]} Nxe4
{[%clk 1:31:26]} 6. Bxc6 {[%clk 1:26:09]} dxc6 {[%clk 1:31:36]} 7. Re1
{[%clk 1:25:09]} Nc5 {[%clk 1:30:31]} 8. Nxe5 {[%clk 1:23:45]} Be7
{[%clk 1:29:49]} 9. d4 {[%clk 1:22:26]} Ne6 {[%clk 1:30:03]} 10. Be3
{[%clk 1:18:39]} O-O {[%clk 1:24:40]} 11. c3 {[%clk 1:10:15]} f6 {[%clk 1:23:46]}
12. Nd3 {[%clk 1:07:21]} b6 {[%clk 1:20:59]} 13. Qe2 {[%clk 0:58:19]} Re8
{[%clk 1:15:45]} 14. Nd2 {[%clk 0:56:28]} Bb7 {[%clk 1:10:29]} 15. Rad1
{[%clk 0:52:02]} Qd5 {[%clk 1:04:11]} 16. c4 {[%clk 0:43:39]} Qf5
{[%clk 1:02:03]} 17. Nf3 {[%clk 0:40:16]} c5 {[%clk 0:51:47]} 18. d5
{[%clk 0:37:46]} Nf8 {[%clk 0:51:11]} 19. Nf4 {[%clk 0:13:37]} Bd6
{[%clk 0:48:20]} 20. Qd3 {[%clk 0:13:27]} Qxd3 {[%clk 0:40:31]} 21. Rxd3
{[%clk 0:13:06]} Re4 {[%clk 0:38:33]} 22. Ne2 {[%clk 0:08:43]} Rxc4
{[%clk 0:33:52]} 23. Nd2 {[%clk 0:09:07]} Rh4 {[%clk 0:33:55]} 24. g3
{[%clk 0:07:42]} Rh5 {[%clk 0:34:04]} 25. Nf4 {[%clk 0:07:41]} Re5
{[%clk 0:29:13]} 26. Nc4 {[%clk 0:06:42]} Re7 {[%clk 0:29:07]} 27. Nxd6
{[%clk 0:06:11]} cxd6 {[%clk 0:29:35]} 28. Ng2 {[%clk 0:05:53]} Rae8
{[%clk 0:26:02]} 29. Red1 {[%clk 0:05:14]} Ng6 {[%clk 0:25:45]} 30. f4
{[%clk 0:04:40]} Bc8 {[%clk 0:25:28]} 31. Kf2 {[%clk 0:03:45]} Bf5
{[%clk 0:24:51]} 32. Rc3 {[%clk 0:03:46]} Be4 {[%clk 0:22:11]} 33. Ne1
{[%clk 0:03:20]} Nf8 {[%clk 0:20:19]} 34. Nf3 {[%clk 0:01:56]} Nd7
{[%clk 0:19:26]} 35. Ng1 {[%clk 0:01:17]} f5 {[%clk 0:19:03]} 0-1

[Event "MSR_ch20"]
[Site "?"]
[Date "2024.04.07"]
[Round "3.7"]
[White "Sustek, Adam"]
[Black "Beres, Tomas"]
[Result "0-1"]
[BlackElo "2149"]
[WhiteElo "1910"]
[LiveChessVersion "1.4.8"]

1. e4 {[%clk 1:30:50]} c5 {[%clk 1:30:49]} 2. Nf3 {[%clk 1:31:05]} Nc6
{[%clk 1:31:06]} 3. d4 {[%clk 1:31:21]} cxd4 {[%clk 1:31:29]} 4. Nxd4
{[%clk 1:31:46]} g6 {[%clk 1:31:53]} 5. c4 {[%clk 1:31:41]} Nf6 {[%clk 1:31:49]}
6. Nc3 {[%clk 1:31:47]} d6 {[%clk 1:31:58]} 7. f3 {[%clk 1:31:47]} Bg7
{[%clk 1:32:05]} 8. Be3 {[%clk 1:32:04]} O-O {[%clk 1:32:19]} 9. Qd2
{[%clk 1:32:12]} Nxd4 {[%clk 1:31:25]} 10. Bxd4 {[%clk 1:32:20]} Be6
{[%clk 1:31:38]} 11. Be2 {[%clk 1:32:16]} Qa5 {[%clk 1:30:58]} 12. O-O
{[%clk 1:31:12]} Rfc8 {[%clk 1:22:04]} 13. b3 {[%clk 1:30:21]} b5
{[%clk 1:18:33]} 14. cxb5 {[%clk 0:51:53]} Nxe4 {[%clk 1:17:38]} 15. fxe4
{[%clk 0:50:22]} Bxd4+ {[%clk 1:18:00]} 16. Qxd4 {[%clk 0:50:28]} Qxc3
{[%clk 1:16:36]} 17. Qxc3 {[%clk 0:41:59]} Rxc3 {[%clk 1:08:36]} 18. Rfc1
{[%clk 0:41:15]} Rxc1+ {[%clk 0:37:08]} 19. Rxc1 {[%clk 0:41:36]} Rc8
{[%clk 0:37:25]} 20. Rxc8+ {[%clk 0:34:00]} Bxc8 {[%clk 0:34:14]} 21. Kf2
{[%clk 0:33:30]} Kf8 {[%clk 0:26:06]} 22. Ke3 {[%clk 0:28:50]} Bb7
{[%clk 0:25:14]} 23. a4 {[%clk 0:20:34]} Ke8 {[%clk 0:22:13]} 24. b4
{[%clk 0:17:08]} f5 {[%clk 0:05:51]} 25. Bd3 {[%clk 0:13:54]} fxe4
{[%clk 0:06:16]} 26. Bxe4 {[%clk 0:14:18]} d5 {[%clk 0:06:40]} 27. Bf3
{[%clk 0:11:06]} e5 {[%clk 0:07:05]} 28. a5 {[%clk 0:10:12]} Kd7 {[%clk 0:06:59]}
29. h4 {[%clk 0:08:36]} Kd6 {[%clk 0:07:18]} 30. h5 {[%clk 0:05:46]} gxh5
{[%clk 0:04:11]} 31. Bxh5 {[%clk 0:06:03]} d4+ {[%clk 0:04:09]} 32. Kf2
{[%clk 0:06:32]} e4 {[%clk 0:03:21]} 33. g3 {[%clk 0:05:22]} Bd5 {[%clk 0:02:57]}
34. Be8 {[%clk 0:02:24]} h6 {[%clk 0:02:19]} 35. Ke2 {[%clk 0:02:03]} Bc4+
{[%clk 0:02:34]} 36. Kf2 {[%clk 0:01:15]} Bd3 {[%clk 0:01:37]} 37. Ke1
{[%clk 0:00:55]} e3 {[%clk 0:01:44]} 38. Bc6 {[%clk 0:00:41]} Bc4
{[%clk 0:01:22]} 39. Kd1 {[%clk 0:00:34]} d3 {[%clk 0:01:40]} 40. Bf3
{[%clk 0:00:32]} Bxb5 {[%clk 0:01:21]} 41. Kc1 {[%clk 0:00:38]} Ba4
{[%clk 0:01:26]} 0-1

[Event "MSR_ch20"]
[Site "?"]
[Date "2024.04.07"]
[Round "3.8"]
[White "Rakovsky, Jakub"]
[Black "Libich, Simon"]
[Result "1-0"]
[BlackElo "1891"]
[WhiteElo "2069"]
[LiveChessVersion "1.4.8"]

1. e4 {[%clk 1:30:53]} e5 {[%clk 1:30:54]} 2. Nf3 {[%clk 1:30:52]} Nc6
{[%clk 1:31:13]} 3. Bb5 {[%clk 1:30:25]} Nf6 {[%clk 1:30:10]} 4. O-O
{[%clk 1:29:39]} Nxe4 {[%clk 1:15:09]} 5. Re1 {[%clk 1:28:07]} Nd6
{[%clk 1:02:38]} 6. Nxe5 {[%clk 1:19:07]} Be7 {[%clk 0:59:27]} 7. Bf1
{[%clk 1:16:24]} O-O {[%clk 0:58:32]} 8. d4 {[%clk 1:15:40]} Nxe5
{[%clk 0:49:24]} 9. dxe5 {[%clk 1:11:46]} Ne8 {[%clk 0:49:47]} 10. Nc3
{[%clk 0:54:46]} d6 {[%clk 0:48:30]} 11. exd6 {[%clk 0:51:45]} Qxd6
{[%clk 0:47:18]} 12. Qf3 {[%clk 0:37:53]} Bf6 {[%clk 0:33:55]} 1-0

[Event "MSR_ch20"]
[Site "?"]
[Date "2024.04.07"]
[Round "3.9"]
[White "Bucor, Mark"]
[Black "Bulej, Matej"]
[Result "0-1"]
[BlackElo "2067"]
[WhiteElo "1884"]
[LiveChessVersion "1.4.8"]

1. e4 {[%clk 1:30:53]} e6 {[%clk 1:30:59]} 2. d4 {[%clk 1:31:10]} d5
{[%clk 1:31:28]} 3. Nc3 {[%clk 1:31:27]} Nf6 {[%clk 1:31:56]} 4. e5
{[%clk 1:31:49]} Nfd7 {[%clk 1:32:21]} 5. f4 {[%clk 1:32:05]} c5 {[%clk 1:32:42]}
6. Nf3 {[%clk 1:32:23]} Nc6 {[%clk 1:32:51]} 7. Be3 {[%clk 1:32:42]} a6
{[%clk 1:33:12]} 8. Ne2 {[%clk 1:22:24]} b5 {[%clk 1:32:01]} 9. g3
{[%clk 1:22:22]} Qb6 {[%clk 1:29:09]} 10. Bg2 {[%clk 1:22:10]} Be7
{[%clk 1:12:01]} 11. dxc5 {[%clk 1:19:36]} Bxc5 {[%clk 1:12:10]} 12. Nfd4
{[%clk 1:12:03]} a5 {[%clk 1:09:17]} 13. O-O {[%clk 1:10:11]} O-O
{[%clk 1:05:23]} 14. Kh1 {[%clk 1:06:15]} Ba6 {[%clk 1:04:59]} 15. Nxc6
{[%clk 0:38:02]} Qxc6 {[%clk 0:57:08]} 16. Bxc5 {[%clk 0:38:03]} Qxc5
{[%clk 0:56:50]} 17. Nd4 {[%clk 0:34:47]} Rac8 {[%clk 0:55:13]} 18. Qd2
{[%clk 0:31:55]} Nb6 {[%clk 0:51:46]} 19. Nb3 {[%clk 0:21:50]} Nc4
{[%clk 0:41:01]} 20. Nxc5 {[%clk 0:15:14]} Nxd2 {[%clk 0:41:28]} 21. Nxa6
{[%clk 0:15:21]} Nxf1 {[%clk 0:36:37]} 22. Bxf1 {[%clk 0:15:36]} Rxc2
{[%clk 0:36:58]} 23. b4 {[%clk 0:12:57]} Ra8 {[%clk 0:31:06]} 24. a4
{[%clk 0:08:16]} axb4 25. axb5 {[%clk 0:08:18]} b3 {[%clk 0:26:20]} 26. Rb1
{[%clk 0:04:35]} b2 {[%clk 0:26:14]} 27. Kg1 {[%clk 0:04:00]} Ra7
{[%clk 0:14:04]} 28. Bd3 {[%clk 0:03:01]} Rc1+ {[%clk 0:08:07]} 29. Kf2
{[%clk 0:03:21]} Rxb1 {[%clk 0:08:25]} 30. Bxb1 {[%clk 0:03:44]} Rb7
{[%clk 0:08:46]} 31. Ke2 {[%clk 0:02:28]} Rxb5 {[%clk 0:09:11]} 32. Kd2
{[%clk 0:02:45]} Kf8 {[%clk 0:02:48]} 33. Kc3 {[%clk 0:02:14]} d4+
{[%clk 0:01:42]} 34. Kxd4 {[%clk 0:00:59]} Ra5 {[%clk 0:01:53]} 35. Nc5
{[%clk 0:00:55]} Ra1 {[%clk 0:02:00]} 36. Be4 {[%clk 0:01:16]} Rd1+
{[%clk 0:01:00]} 37. Kc3 {[%clk 0:01:25]} b1=Q {[%clk 0:01:22]} 38. Bxb1
{[%clk 0:01:45]} Rxb1 {[%clk 0:01:51]} 39. Ne4 {[%clk 0:01:55]} Ke7
{[%clk 0:01:33]} 40. Kd4 {[%clk 0:01:10]} Rb4+ {[%clk 0:01:35]} 41. Kd3
{[%clk 0:01:28]} Rb2 {[%clk 0:01:06]} 42. h4 {[%clk 0:01:45]} f5 {[%clk 0:24:34]}
43. Nd2 {[%clk 0:29:09]} Kd7 {[%clk 0:21:23]} 44. h5 {[%clk 0:26:29]} Kc6
{[%clk 0:16:25]} 45. Ke3 {[%clk 0:26:45]} Kd5 {[%clk 0:15:38]} 46. Nf3
{[%clk 0:25:44]} Rg2 {[%clk 0:15:30]} 47. Ng5 {[%clk 0:23:49]} Rxg3+
{[%clk 0:15:45]} 48. Kf2 {[%clk 0:24:12]} Rxg5 {[%clk 0:15:49]} 0-1

[Event "MSR_ch20"]
[Site "?"]
[Date "2024.04.07"]
[Round "3.10"]
[White "Salgovic, Simon"]
[Black "Babjak, Samuel"]
[Result "1-0"]
[BlackElo "1870"]
[WhiteElo "2059"]
[LiveChessVersion "1.4.8"]

1. e4 {[%clk 1:30:57]} e6 {[%clk 1:30:55]} 2. d4 {[%clk 1:30:56]} d5
{[%clk 1:31:19]} 3. Nd2 {[%clk 1:30:39]} Nc6 {[%clk 1:31:35]} 4. Ngf3
{[%clk 1:30:29]} Nf6 {[%clk 1:31:51]} 5. e5 {[%clk 1:28:05]} Nd7 {[%clk 1:32:16]}
6. Bd3 {[%clk 1:22:40]} Nb4 {[%clk 1:31:11]} 7. Be2 {[%clk 1:23:00]} c5
{[%clk 1:31:34]} 8. c3 {[%clk 1:23:13]} Nc6 {[%clk 1:32:00]} 9. O-O
{[%clk 1:23:21]} Qb6 {[%clk 1:31:45]} 10. Nb3 {[%clk 1:20:47]} a5
{[%clk 1:22:01]} 11. a4 {[%clk 1:11:06]} Be7 {[%clk 1:18:19]} 12. Qc2
{[%clk 0:55:06]} Qc7 {[%clk 1:14:32]} 13. Bf4 {[%clk 0:45:09]} b6
{[%clk 1:07:59]} 14. Rfc1 {[%clk 0:37:11]} Ba6 {[%clk 1:02:13]} 15. Bxa6
{[%clk 0:35:07]} Rxa6 {[%clk 1:02:38]} 16. c4 {[%clk 0:32:24]} Nb4
{[%clk 0:56:01]} 17. Qe2 {[%clk 0:24:02]} Qb7 {[%clk 0:46:34]} 18. Bg5
{[%clk 0:23:31]} Bxg5 {[%clk 0:46:50]} 19. Nxg5 {[%clk 0:21:07]} h6
{[%clk 0:46:18]} 20. Nf3 O-O 21. dxc5 {[%clk 0:17:09]} bxc5 {[%clk 0:42:00]} 22.
cxd5 {[%clk 0:16:41]} Qxd5 {[%clk 0:40:57]} 23. Rc3 {[%clk 0:12:32]} Rc8
{[%clk 0:37:43]} 24. Rd1 {[%clk 0:07:25]} Qb7 {[%clk 0:38:06]} 25. Rxd7
{[%clk 0:03:19]} Qxd7 {[%clk 0:38:27]} 26. Nxc5 {[%clk 0:03:39]} Rxc5
{[%clk 0:38:26]} 27. Rxc5 {[%clk 0:04:07]} Qxa4 {[%clk 0:38:15]} 28. Rc8+
{[%clk 0:02:08]} Kh7 {[%clk 0:38:38]} 29. h4 {[%clk 0:00:43]} Qa1+
{[%clk 0:30:00]} 30. Kh2 {[%clk 0:01:11]} g6 {[%clk 0:28:21]} 31. Qb5
{[%clk 0:00:34]} Rc6 {[%clk 0:25:44]} 32. Rxc6 {[%clk 0:00:33]} Nxc6
{[%clk 0:26:10]} 33. Qxc6 {[%clk 0:00:53]} Qxb2 {[%clk 0:26:29]} 34. Qc7
{[%clk 0:00:53]} Kg7 {[%clk 0:25:59]} 35. Qxa5 {[%clk 0:00:59]} Qc1
{[%clk 0:25:58]} 36. Qd2 {[%clk 0:01:02]} Qb1 {[%clk 0:25:39]} 37. Qf4
{[%clk 0:01:08]} h5 {[%clk 0:24:13]} 38. Qf6+ {[%clk 0:01:07]} Kg8
{[%clk 0:24:37]} 39. Ng5 {[%clk 0:01:14]} Qb7 {[%clk 0:25:00]} 40. Nxe6
{[%clk 0:00:54]} fxe6 {[%clk 0:25:23]} 41. Qxg6+ {[%clk 0:01:12]} 1-0

[Event "MSR_ch20"]
[Site "?"]
[Date "2024.04.07"]
[Round "3.11"]
[White "Turis, Ondrej"]
[Black "Lovcican, Tomas"]
[Result "1/2-1/2"]
[BlackElo "2057"]
[WhiteElo "1866"]
[LiveChessVersion "1.4.8"]

1. d4 {[%clk 1:30:56]} Nf6 {[%clk 1:30:52]} 2. c4 {[%clk 1:31:22]} e6
{[%clk 1:31:13]} 3. Nc3 {[%clk 1:31:48]} d5 {[%clk 1:28:36]} 4. Bg5
{[%clk 1:31:56]} Be7 {[%clk 1:28:50]} 5. cxd5 {[%clk 1:30:58]} exd5
{[%clk 1:27:44]} 6. e3 {[%clk 1:31:09]} O-O {[%clk 1:24:15]} 7. Bd3
{[%clk 1:31:30]} b6 {[%clk 1:21:54]} 8. Nge2 {[%clk 1:30:26]} Bb7
{[%clk 1:21:57]} 9. Qc2 {[%clk 1:27:54]} h6 {[%clk 1:21:41]} 10. Bh4
{[%clk 1:27:42]} c5 {[%clk 1:16:33]} 11. O-O {[%clk 1:16:18]} Na6
{[%clk 1:03:29]} 12. a3 {[%clk 1:08:25]} Nc7 {[%clk 0:48:56]} 13. Rae1
{[%clk 0:55:02]} Ne6 {[%clk 0:42:43]} 14. f3 {[%clk 0:49:52]} Rc8
{[%clk 0:39:21]} 15. Qd2 {[%clk 0:43:44]} Nd7 {[%clk 0:36:09]} 16. Bxe7
{[%clk 0:36:19]} Qxe7 {[%clk 0:36:32]} 17. Ng3 {[%clk 0:34:52]} cxd4
{[%clk 0:35:04]} 18. exd4 {[%clk 0:35:03]} Qf6 {[%clk 0:35:26]} 19. Nf5
{[%clk 0:31:32]} Rcd8 {[%clk 0:28:06]} 20. Kh1 {[%clk 0:28:03]} Nb8
{[%clk 0:25:57]} 21. Bb1 {[%clk 0:22:51]} Rfe8 {[%clk 0:20:56]} 22. Nb5
{[%clk 0:20:13]} Ba6 {[%clk 0:18:35]} 23. a4 {[%clk 0:17:49]} Nc6
{[%clk 0:16:40]} 24. Rd1 {[%clk 0:17:06]} Ne7 {[%clk 0:12:16]} 25. Ne3
{[%clk 0:07:45]} Ng6 {[%clk 0:10:41]} 26. Ng4 {[%clk 0:06:52]} Qf4
{[%clk 0:06:09]} 27. Bxg6 {[%clk 0:06:47]} fxg6 {[%clk 0:05:55]} 28. Qxf4
{[%clk 0:05:54]} Nxf4 {[%clk 0:06:20]} 29. Rfe1 {[%clk 0:04:53]} Bxb5
{[%clk 0:06:21]} 30. axb5 {[%clk 0:05:12]} Nd3 {[%clk 0:06:17]} 31. Rxe8+
{[%clk 0:03:27]} Rxe8 {[%clk 0:06:44]} 32. Kg1 {[%clk 0:01:53]} Nxb2
{[%clk 0:05:24]} 33. Rd2 {[%clk 0:01:58]} Nc4 {[%clk 0:04:55]} 34. Ra2
{[%clk 0:02:15]} Re7 {[%clk 0:04:54]} 35. Kf2 {[%clk 0:02:05]} h5
{[%clk 0:02:53]} 36. Ne5 {[%clk 0:02:23]} Nxe5 {[%clk 0:02:38]} 37. dxe5
{[%clk 0:02:25]} Rxe5 {[%clk 0:00:39]} 38. Rxa7 {[%clk 0:02:48]} d4
{[%clk 0:01:07]} 39. Rd7 {[%clk 0:03:03]} Rxb5 {[%clk 0:01:02]} 40. Rxd4
{[%clk 0:03:26]} Rb2+ {[%clk 0:01:23]} 41. Kg3 {[%clk 0:02:06]} Kf7
{[%clk 0:00:39]} 42. Rd6 {[%clk 0:02:17]} g5 {[%clk 0:00:33]} 43. Rc6
{[%clk 0:25:30]} b5 {[%clk 0:27:49]} 44. Rb6 {[%clk 0:25:26]} g6 {[%clk 0:25:14]}
45. Rc6 {[%clk 0:21:56]} h4+ {[%clk 0:22:43]} 46. Kh3 {[%clk 0:22:13]} Rb4
{[%clk 0:23:03]} 47. Rb6 {[%clk 0:21:28]} Kg7 {[%clk 0:22:46]} 48. Rc6
{[%clk 0:20:41]} Rc4 {[%clk 0:23:06]} 49. Rb6 {[%clk 0:20:58]} b4
{[%clk 0:23:33]} 50. g3 {[%clk 0:16:34]} Kh6 {[%clk 0:21:49]} 51. Rb7
{[%clk 0:16:24]} Rd4 {[%clk 0:21:27]} 52. g4 {[%clk 0:14:36]} Rd3
{[%clk 0:20:40]} 53. Rxb4 {[%clk 0:13:19]} Rxf3+ {[%clk 0:21:06]} 54. Kg2
{[%clk 0:13:42]} Rf4 {[%clk 0:21:34]} 55. Rb7 {[%clk 0:12:46]} Rxg4+
{[%clk 0:22:00]} 56. Kh3 {[%clk 0:11:26]} Rc4 {[%clk 0:21:49]} 57. Ra7
{[%clk 0:11:48]} Rc3+ {[%clk 0:19:44]} 58. Kg4 {[%clk 0:11:43]} Rc2
{[%clk 0:19:59]} 59. Kh3 {[%clk 0:11:55]} Rc8 {[%clk 0:19:53]} 60. Kg4
{[%clk 0:10:52]} Rf8 {[%clk 0:18:00]} 61. Rb7 {[%clk 0:10:11]} Rf4+
{[%clk 0:16:16]} 62. Kh3 {[%clk 0:10:30]} Rf2 {[%clk 0:15:29]} 63. Ra7
{[%clk 0:10:46]} Rf1 {[%clk 0:15:54]} 64. Rb7 {[%clk 0:09:59]} Rg1
{[%clk 0:16:19]} 65. Rh7+ {[%clk 0:10:24]} Kxh7 {[%clk 0:16:31]} 1/2-1/2